| 000 | 00978nam a22002777a 4500 | ||
|---|---|---|---|
| 001 | 2087 | ||
| 005 | 20240221131141.0 | ||
| 020 | _a9780439588645 | ||
| 040 |
_aFISKH _beng _cFISKH _dFISKH |
||
| 050 | _aPZ7.B81422 | ||
| 082 | _a813.54 | ||
| 100 | _aBrown, Jeff | ||
| 245 |
_aStanley in space / _cby Brown , Jeff author of Flat Stanley ; Pictures by Nash, Scott |
||
| 250 | _aFirst Scholastic printing, September 2003 | ||
| 260 |
_aNew York : _bScholastic, _c2003 |
||
| 300 |
_a103 pages : _c19 cm . _billustrations ; |
||
| 490 | _a Flat Stanley | ||
| 505 | _aN | ||
| 520 | _aWhen the residents of a far-distant planet send a message to Earth asking for someone to meet with them, the President of the United States asks Stanley Lambchop, an all-American boy, to be his ambassador. | ||
| 521 |
_a580 _bLexile |
||
| 521 |
_aN
_bRaz-Plus |
||
| 650 |
_aSpace _vfiction |
||
| 650 |
_aAdventure _vfiction |
||
| 700 |
_aNash, Scott _eillustrator |
||
| 942 |
_2ddc _cBK _n0 |
||
| 999 |
_c2087 _d2087 |
||